| 000 -LEADER |
| fixed length control field |
01127cam a2200229 i 4500 |
| 001 - CONTROL NUMBER |
| control field |
18979849 |
| 005 - DATE AND TIME OF LATEST TRANSACTION |
| control field |
20201102135701.0 |
| 008 - FIXED-LENGTH DATA ELEMENTS--GENERAL INFORMATION |
| fixed length control field |
160218s2017 mau b 001 0 eng |
| 020 ## - INTERNATIONAL STANDARD BOOK NUMBER |
| International Standard Book Number |
9789353944056 |
| 080 ## - UNIVERSAL DECIMAL CLASSIFICATION NUMBER |
| Universal Decimal Classification number |
640.41:005.93:338.488 H-41 |
| 100 1# - MAIN ENTRY--PERSONAL NAME |
| Personal name |
Hayes, David K., |
| Relator term |
author. |
| 9 (RLIN) |
9680 |
| 245 10 - TITLE STATEMENT |
| Title |
Hotel operations management / |
| Statement of responsibility, etc. |
David K. Hayes, Ph.D., Panda Professionals Hospitality Education and Training, Okemos, Michigan, Jack D. Ninemeier, Ph.D., Professor Emeritus, The School of Hospitality Business, Michigan State University, East Lansing, Michigan, Allisha A. Miller, Panda Professionals Hospitality Education and Training, Okemos, Michigan. |
| 250 ## - EDITION STATEMENT |
| Edition statement |
Third edition. |
| 264 #1 - PRODUCTION, PUBLICATION, DISTRIBUTION, MANUFACTURE, AND COPYRIGHT NOTICE |
| Place of production, publication, distribution, manufacture |
Boston : |
| Name of producer, publisher, distributor, manufacturer |
Pearson, |
| Date of production, publication, distribution, manufacture, or copyright notice |
[2017] |
| 300 ## - PHYSICAL DESCRIPTION |
| Extent |
xix, 595 pages ; |
| Dimensions |
27 cm. |
| 650 #0 - SUBJECT ADDED ENTRY--TOPICAL TERM |
| Topical term or geographic name entry element |
Hotel management. |
| 9 (RLIN) |
9681 |
| 653 ## - INDEX TERM--UNCONTROLLED |
| keyword |
სასტუმროების მენეჯმენტი |
| 700 1# - ADDED ENTRY--PERSONAL NAME |
| Personal name |
Ninemeier, Jack D. |
| Relator term |
ავტორი |
| 9 (RLIN) |
9682 |
| 700 1# - ADDED ENTRY--PERSONAL NAME |
| Personal name |
Miller, Allisha A. |
| Relator term |
ავტორი |
| 9 (RLIN) |
9683 |
| 942 ## - ADDED ENTRY ELEMENTS (KOHA) |
| Source of classification or shelving scheme |
|
| Koha item type |
წიგნი |